• 首页
  • 本馆介绍
  • 公告通知
  • 最新文献
  • 馆藏检索
  • 电子资源
  • 读者导购
  • 参考咨询
  • 我的图书馆
  • 登录
  • 详细信息显示
  • 放入我的书架
  • 预约/预借图书
  • 作者相关作品
  • 分类相关作品
  • 丛书相关作品
  • 出版社相关作品

书目信息

  • 表格格式
  • 工作单格式
  • 卡片格式
题名:
电路分析基础学习指导与解题方法
    
 
作者: 余士本 编
分册: 上册  
出版信息: 北京   北京邮电学院出版社  1989.6
页数: 413页
开本: 20cm
丛书名:
单 册:
中图分类: TM133 , TM13
科图分类:
主题词: 电路分析--高等学校--教学参考资料 , 电路理论
电子资源:
ISBN: 7-5635-0014-6
000 00807nam0 2200265 45
001 0189015155
005 20040524162508.6
010    @a7-5635-0014-6@dCNY2.65
020    @aCN@b89015155
100    @a19910304d1989 m y0chiy0120 ea
101 0  @achi
102    @aCN@b110000
105    @ay z 000yy
106    @ar
200 10 @a电路分析基础学习指导与解题方法@h上册@Adian lu fen xi ji chu xue xi zhidao yu jie ti fang fa@f余士本等编@Fyu shi ben deng bian
210    @a北京@c北京邮电学院出版社@d1989.6
215    @a413页@d20cm
540 1  @a电路分析 学习@Adian lu fen xi xue xi
606    @a电路分析@x高等学校@x教学参考资料
606 0  @a电路理论
690    @aTM133@v3
690    @aTM13@v3
701  0 @a余士本@Ayu shi ben@4编
801  0 @aCN@bNLC@c19910304
905    @dTM13@e122:1@f2@b226557-558
    
    电路分析基础学习指导与解题方法.上册/余士本等编.-北京:北京邮电学院出版社,1989.6
    413页;20cm
    
    
    ISBN 7-5635-0014-6:CNY2.65
    
●
相关链接 在E读中查询图书 在五车中查询图书 在当当中查询图书 在豆瓣中查询图书


正题名:电路分析基础学习指导与解题方法     索取号:TM13/122:1         预约/预借

序号 登录号 条形码 馆藏地/架位号 状态 备注
1 0226557   000801136   第三借阅区/ [索取号:TM13/122:1] 在馆    
2 0226558   001343941   第三借阅区/ [索取号:TM13/122:1] 在馆    
3 0226559   001343861   密集书库/ [索取号:TM13/122:1] 在馆    
4 0226560   001343905   第二样本阅览室/ [索取号:TM13/122:1] 在馆    
唐山师范学院图书馆 欢迎您!
大连网信软件有限公司© 版权所有